000 00456nam a2200181Ia 4500
008 240925s9999 xx 000 0 und d
020 _a9780007420278
082 _a843.912 LER
100 _aLerous, Gaston
245 4 _athe Phantom of the Opera
250 _a1st
260 _alondon:
_bHarper Collins pub
_c,2011.
300 _a258p.
_bNA
_fOriginal
500 _aNA
600 _aHumanities & Natural Science
650 _aLiterature
942 _cBK
999 _c14213
_d14213